00351cam a22000977a 4500008004000000082002100040100001700061245012400078260003900202300001200241180718b1969 xxu||||| |||| 00| 0 eng d aR706x71 C16/ST/7 aMalles, Paul aTask force on labour relations, study no.7 trends in industrial relations systems of continental Europecby Paul Malles aOttawabPrivy Council Officec1969 ax, 213p